00685nam a2200241 a 4500001001300000003000900013005001700022008004100039020001000080082001300090100002500103245003600128260004600164300000900210500003500219505001500254650002800269700002500297902000800322942000700330952009100337999001500428nice12345678IN_TiNIC20260116011547.0050524s1926 newa grp 000 0 eng  ac10000a266bMAS aMason, Alfred Dewitt aHistory of the Arabian Mission. aNew YorkbBoard of Foriegn Missionsc1926 a256p aincludes index and biblioraphy2 aIndex, Ill aMissions-Arab Countries1 aMason, Alfred Dewitt bSRS cBK 00104070aHMIbHMId2007-07-11g100.00l0o266 MASp671r2019-05-14w2026-01-16yEB c2618d2618